Organic solar cells : (Record no. 480157)

000 -LEADER
fixed length control field 01624cam a2200385Ii 4500
001 - CONTROL NUMBER
control field 11009836
003 - CONTROL NUMBER IDENTIFIER
control field ASAB
005 - DATE AND TIME OF LATEST TRANSACTION
control field 20180827062646.0
006 - FIXED-LENGTH DATA ELEMENTS--ADDITIONAL MATERIAL CHARACTERISTICS
fixed length control field m d
007 - PHYSICAL DESCRIPTION FIXED FIELD--GENERAL INFORMATION
fixed length control field cr n
008 - FIXED-LENGTH DATA ELEMENTS--GENERAL INFORMATION
fixed length control field 141105t20142014fluad sb 001 0 eng d
020 ## - INTERNATIONAL STANDARD BOOK NUMBER
International Standard Book Number 978-981-4463-65-2
035 ## - SYSTEM CONTROL NUMBER
System control number (WaSeSS)ssj0001346583
040 ## - CATALOGING SOURCE
Original cataloging agency FlBoTFG
Language of cataloging eng
Transcribing agency ASAB
Description conventions rda
Modifying agency WaSeSS
090 ## - LOCALLY ASSIGNED LC-TYPE CALL NUMBER (OCLC); LOCAL CALL NUMBER (RLIN)
Classification number (OCLC) (R) ; Classification number, CALL (RLIN) (NR) TK2960
Local cutter number (OCLC) ; Book number/undivided call number, CALL (RLIN) .O74 2014
092 ## - LOCALLY ASSIGNED DEWEY CALL NUMBER (OCLC)
Classification number 621.31244
Item number O681
210 10 - ABBREVIATED TITLE
Abbreviated title Organic solar cells :
245 00 - TITLE STATEMENT
Title Organic solar cells :
Remainder of title fundamentals, devices, and upscaling /
Statement of responsibility, etc. edited by Barry P. Rand, Henning Richter.
504 ## - BIBLIOGRAPHY, ETC. NOTE
Bibliography, etc. note Includes bibliographical references and index.
505 0# - FORMATTED CONTENTS NOTE
Formatted contents note part 1. Materials and device architectures -- part 2. Characterization, modeling, and fundamental insights -- part 3. Technology, lifetime, and production.
506 ## - RESTRICTIONS ON ACCESS NOTE
Terms governing access License restrictions may limit access.
650 #0 - SUBJECT ADDED ENTRY--TOPICAL TERM
Topical term or geographic name entry element Solar cells.
9 (RLIN) 2010
655 #7 - INDEX TERM--GENRE/FORM
Genre/form data or focus term Electronic books.
Source of term lcsh
9 (RLIN) 2011
700 1# - ADDED ENTRY--PERSONAL NAME
Personal name Rand, Barry P.,
Dates associated with a name 1979-
Relator term editor.
9 (RLIN) 2012
700 1# - ADDED ENTRY--PERSONAL NAME
Personal name Richter, Henning,
Relator term editor.
9 (RLIN) 2013
773 #0 - HOST ITEM ENTRY
Title NANOnetBASE
773 #0 - HOST ITEM ENTRY
Title POLYMERSnetBASE
773 #0 - HOST ITEM ENTRY
Title PHYSICSnetBASE
776 08 - ADDITIONAL PHYSICAL FORM ENTRY
Relationship information Print version:
International Standard Book Number 9789814463652 (hardback)
856 40 - ELECTRONIC LOCATION AND ACCESS
Uniform Resource Identifier <a href="http://www.columbia.edu/cgi-bin/cul/resolve?clio11009836.001">http://www.columbia.edu/cgi-bin/cul/resolve?clio11009836.001</a>
Public note Full text available from NANOnetBASE
856 40 - ELECTRONIC LOCATION AND ACCESS
Uniform Resource Identifier <a href="http://www.columbia.edu/cgi-bin/cul/resolve?clio11009836.002">http://www.columbia.edu/cgi-bin/cul/resolve?clio11009836.002</a>
Public note Full text available from PHYSICSnetBASE
856 40 - ELECTRONIC LOCATION AND ACCESS
Uniform Resource Identifier <a href="http://www.columbia.edu/cgi-bin/cul/resolve?clio11009836.003">http://www.columbia.edu/cgi-bin/cul/resolve?clio11009836.003</a>
Public note Full text available from POLYMERSnetBASE
910 ## - USER-OPTION DATA (OCLC)
User-option data Vendor-generated brief record
942 ## - ADDED ENTRY ELEMENTS (KOHA)
Source of classification or shelving scheme
Koha item type Book
Holdings
Withdrawn status Lost status Source of classification or shelving scheme Damaged status Not for loan Collection code Permanent Location Current Location Date acquired Total Checkouts Full call number Barcode Date last seen Price effective from Koha item type
            Atta-ur-Rahman School of Applied Biosciences (ASAB) Atta-ur-Rahman School of Applied Biosciences (ASAB) 06/28/2016   621.31 RAN ASAB3381 06/28/2016 06/28/2016 Book
© 2023 Central Library, National University of Sciences and Technology. All Rights Reserved.